Регионална библиотека "Любен Каравелов" - Русе

Почти като Робинзон (Запис номер 383173)

MARC детайли
000 -Лидер
Контролно поле с фиксирана дължина nam a22 a 4500
003 - Код на организацията, давaща контролен номер
Контролно поле BLK
005 - Дата и час на последна редакция
Контролно поле 20200827090228.0
008 - Елементи от данни с фиксирана дължина
fixed length control field 200818b bul|||||r ||||||| ||bul||
040 ## - Източник на каталожния запис
Идентификатор на билиотеката - собственик на записа BLK
041 ## - Код за език
Код за езика на текст/звукозапис или на отделно заглавие Български
Код за езика КДБФ Български
080 ## - УДК
Текстов определител УДК Българска литература
УДК код - определител по УДК 821.163.2
УДК определител -32
УДК - код + определител 821.163.2-32
100 ## - Редна дума - Автор
Автор Грозев, Кунчо
Авторска отговорност първи автор
R(LIN) 378674
139 ## - Редно поле
Редна дума Грозев, Кунчо
245 10 - Сведения за заглавието
Заглавие Почти като Робинзон
Подзаглавни данни [Хуморист. разкази]
Редно поле (дума) К. Грозев; илюстр. от Асен Грозев; Кунчо Грозев.
257 ## - Страна на издаване
Страна на създаване/издаване България
260 ## - Област на издателските данни
Място на издаване, разпространение и проч. София
Име на издателя, разпространителя и проч. в. Стършел
Година на издаване 1972
300 ## - Физическа характеристика
Страници 64 с.
Илюстрации и др. с ил.
Размери/Мащаб 18 см
380 ## - Жанр
Жанр Худож. лит.
490 1# - СЕРИИ (Колекции)
Име на серия Библиотека Стършел
№: серия 192
500 ## - Общи забележки
Забележка 38 100 тир. 0,17 лв.
700 ## - Други автори (авторска отговорност)
Лично име Грозев, Асен
Автороска отговорност (Описва отношението между автора и произведението) ил. от
9 (RLIN) 424709
852 ## - Местоположение
Форматна сигнатура Цб І 12934
856 4# - Електронен адрес и достъп
Електронен формат pdf - файл
Път до файла /url/
856 4# - Електронен адрес и достъп
Електронен формат pdf - файл
Път до файла /url/
999 ## - СИСТЕМНИ КОНТРОЛНИ НОМЕРА
Koha biblionumber 383173
Koha biblioitemnumber 383173
942 ## - АРТИКУЛИ
Вид на библиотечния материал Книги
Скрит в OPAC Не
Периодичен библиозапис Да
944 ## - СЪЗДАВАНЕ И РЕДАКЦИЯ на ЗАПИСА
Създаване/Редакция Създаване
Дата на регистрацията/редакция 2020-08-18
Служител, извършил регистрацията/редакцията ВК
Наличности
Код за отписване Код за изгубен артикул Източник на класификационната схема Код за повреда Коз за рестрикции Код за отдаване Артикулен № Име на библиотеката - собственик Име на библиотеката, в която се намира в момента Статус (Текущо местоположение) Дата на вписване в системата Местоположение - отдел Цена в лева Инвентарен номер Систематично азбучна сигнатура Баркод Цена в евро Служебен тип на артикула
  Не е изгубен Universal Decimal Classification Не е повреден само за читалня ползва се в читалня 792316 Регионална библиотека "Любен Каравелов" Русе Регионална библиотека "Любен Каравелов" Русе Хранилище 2020-08-19 Хранилище 0.17 126271 Цб І 12934 120000126271 0.09 Книги
Vip Innovations Ltd, Rousse, Bulgaria 2025